Advances in biomass gasification technology / (Record no. 10276)
[ view plain ]
| 000 -LEADER | |
|---|---|
| fixed length control field | 00519cam a2200205ua 4500 |
| 003 - CONTROL NUMBER IDENTIFIER | |
| control field | OSt |
| 008 - FIXED-LENGTH DATA ELEMENTS--GENERAL INFORMATION | |
| fixed length control field | 241101b |||||||| |||| 00| 0 eng d |
| 020 ## - INTERNATIONAL STANDARD BOOK NUMBER | |
| ISBN | 81-85167-39-7 |
| 041 ## - LANGUAGE CODE | |
| Language code of text/sound track or separate title | eng |
| 082 ## - DEWEY DECIMAL CLASSIFICATION NUMBER | |
| Classification number | 621.47 |
| Item number | SIN/AD |
| 100 ## - MAIN ENTRY--AUTHOR NAME | |
| Personal name | Singh, K K . |
| 245 00 - TITLE STATEMENT | |
| Title | Advances in biomass gasification technology / |
| 250 ## - EDITION STATEMENT | |
| Edition statement | 1 / |
| 260 ## - PUBLICATION, DISTRIBUTION, ETC. (IMPRINT) | |
| Place of publication | New Delhi : |
| Name of publisher | Himanshu Publications , |
| Year of publication | 1991. |
| 300 ## - PHYSICAL DESCRIPTION | |
| Number of Pages | 143 ; . |
| 500 ## - GENERAL NOTE | |
| General note | 19472 Ref |
| 700 1# - ADDED ENTRY--PERSONAL NAME | |
| Personal name | Mathur, A N . |
| 700 1# - ADDED ENTRY--PERSONAL NAME | |
| Personal name | Rathode , N S . |
| 942 ## - ADDED ENTRY ELEMENTS (KOHA) | |
| Koha item type | Books |
| Withdrawn status | Lost status | Damaged status | Home library | Current library | Date acquired | Full call number | Accession Number | Koha item type | Shelving location | Cost, normal purchase price |
|---|---|---|---|---|---|---|---|---|---|---|
| KAUAET | KAUAET | 07/04/2012 | 665.776 | 19472 | Books | |||||
| KAUAET | KAUAET | 07/04/2012 | 665.776 | 19568 | Books | |||||
| KAUAET | KAUAET | 07/04/2012 | 621.47 SIN/AD | 20096 | Books | Shelf- 7A | ||||
| KAUAET | KAUAET | 01/08/2018 | 621.47 SIN/AD | 18117 | Books | Shelf- 7A | ||||
| KAUAET | KAUAET | 17/09/2018 | 665.776 SIN/AD | 19785 | Book Bank scheme for SC students | Scheme | ||||
| Withdrawn | KAUAET | KAUAET | 13/02/2025 | 665.776 SIN/AD | 19569 | Books | 695.00 |
